[Event "Heraklio op"]
[Site "Heraklio"]
[Date "1993.??.??"]
[Round "3"]
[White "Sturua, Zurab"]
[Black "Semkov, Semko"]
[Result "1/2-1/2"]
[WhiteElo "2540"]
[BlackElo "2480"]

1.d4 d5 2.c4 dxc4 3.e3 Nf6 4.Bxc4 e6 5.Nf3 c5 6.O-O a6 7.Bd3 b6 8.a3 Nbd7
9.Nc3 Bb7 10.h3 Bd6 11.Bc2 Qc7 12.Qe2 O-O 13.Rd1 Rad8 14.dxc5 Nxc5 15.Bd2 b5
16.Rac1 Qb8 17.e4 Bf4 18.b4 Ncd7 19.Be3 Rc8 20.Bb1 Rfd8 21.Qe1 Ne5 22.Rxd8+ Rxd8
23.Nd2 Bxe3 24.Qxe3 h6 25.Qe2 Nc6  1/2-1/2

[Event "Herzliya"]
[Site "Herzliya"]
[Date "1993.??.??"]
[Round "4"]
[White "Davies, Nigel R"]
[Black "Psakhis, Lev"]
[Result "1/2-1/2"]
[WhiteElo "2505"]
[BlackElo "2585"]

1.d4 d5 2.Nf3 Nf6 3.c4 dxc4 4.e3 e6 5.Bxc4 c5 6.O-O a6 7.dxc5 Qxd1 8.Rxd1 Bxc5
9.b3 Nbd7 10.Bb2 b6 11.Nc3 Bb7 12.Rac1  1/2-1/2

[Event "Herzliya"]
[Site "Herzliya"]
[Date "1993.??.??"]
[Round "7"]
[White "Gofshtein, Leonid D"]
[Black "Zilberman, Yaacov"]
[Result "1/2-1/2"]
[WhiteElo "2540"]
[BlackElo "2375"]

1.d4 d5 2.c4 dxc4 3.e3 Nf6 4.Nf3 e6 5.Bxc4 c5 6.Qe2 a6 7.dxc5 Bxc5 8.O-O Nc6
9.e4 Qc7 10.e5 Nd7 11.Bf4 b5 12.Bd3 Bb7 13.Nc3 Nb4 14.Be4 Bxe4 15.Nxe4 Nd5
16.Bg3 O-O 17.Rac1 Qb6 18.Nxc5 Nxc5 19.Qc2 Rac8 20.a3 a5 21.Ng5 g6 22.h4 Rc7
23.Qe2 h6 24.Nf3 Rfc8 25.Nd4 Na4 26.Rxc7 Nxc7 27.Nf3 Nd5 28.Qd2 Kh7 29.Nh2 h5
30.Nf3 b4 31.Ng5+ Kg7 32.Ne4 Rc4 33.Nd6 Rd4 34.Qe2 bxa3 35.Qf3 Qa7 36.bxa3 Qd7
37.Rc1 Nab6 38.Qe2 Ra4 39.Qb2 Rg4 40.Qb3 Qa4 41.Qf3 Qd7 42.Rc5 Ra4 43.Rb5 Kg8
44.Rc5 Kg7 45.Qd3 Kg8 46.f3 Qe7 47.Rc6 Rxh4 48.Bxh4 Qxh4 49.Ne4 Qe1+ 50.Qf1 Qe3+
51.Qf2 Qxa3 52.Qd4 Qb4 53.Nf6+  1/2-1/2

[Event "HUN-chT2"]
[Site "HUN"]
[Date "1993.??.??"]
[Round "?"]
[White "Palko, Gabriella"]
[Black "Molnar, L."]
[Result "0-1"]
[WhiteElo "2055"]
[BlackElo "2240"]

1.d4 d5 2.c4 dxc4 3.e3 Nf6 4.Bxc4 e6 5.Nf3 c5 6.O-O cxd4 7.exd4 Be7 8.Nc3 O-O
9.h3 Nbd7 10.Qe2 Nb6 11.Bb3 Nbd5 12.Bg5 Nxc3 13.bxc3 Nd5 14.Bd2 Bf6 15.Rac1 b6
16.Qe4 Ba6 17.Rfe1 Rc8 18.c4 Ne7 19.Bf4 Qd7 20.Ng5 Nf5 21.d5 e5 22.Bd2 h6
23.Nf3 Nd6 24.Qe2 e4 25.Nh2 Bd4 26.Ng4 f5 27.Nh2 f4 28.Bc3 f3 29.gxf3 Bxc3
30.Rxc3 Qxh3 31.Qf1 Qxf1+ 32.Nxf1 exf3 33.Ne3 Ne4 34.Rcc1 Nd2 35.Rc2 Ne4
36.Ng4 Nc5 37.Ne3 Rfd8 38.Ng4 Re8 39.Re3 Rxe3 40.Nxe3 g5 41.Ng4 Kh7 42.Ne5 g4
43.Rd2 Re8 44.d6 Rxe5 45.d7 Nb7 46.d8=Q Nxd8 47.Rxd8 Re7 48.Rd4 h5 49.Bc2+ Kh6
50.Rd6+ Kg5 51.Rd5+ Kh6 52.Bd3 Bb7 53.Rd6+ Kg5 54.Kh2 Kh4 55.Rd4 Re2 56.Kg1 Rxa2
57.Rd7 Ba6 58.Rh7 Bc8 59.Bg6 Ra5 60.Rh8 Be6  0-1

[Event "HUN-chT"]
[Site "HUN"]
[Date "1993.??.??"]
[Round "?"]
[White "Schneider, Attila"]
[Black "Varga, Zoltan"]
[Result "1/2-1/2"]
[WhiteElo "2375"]
[BlackElo "2480"]

1.d4 d5 2.Nf3 Nf6 3.c4 dxc4 4.e3 e6 5.Bxc4 c5 6.O-O a6 7.a4 Nc6 8.Qe2 Qc7
9.Nc3 Bd6 10.Rd1 O-O 11.h3 Rd8 12.dxc5 Bxc5 13.Rxd8+ Qxd8 14.e4 Nd7 15.Bg5 Be7
16.Bf4 Qa5 17.Rd1 Nb6 18.Bb3 Qb4 19.Bc2 Bd7 20.Be3 Be8 21.e5 Rd8 22.Rxd8 Bxd8
23.Ne4 Nd5 24.Nd6 Bd7 25.Ng5 Bxg5 26.Bxg5 h6 27.Bd2 Qxb2 28.Bxh6 Qa1+ 29.Kh2 gxh6
30.Nxf7 Kxf7 31.Qh5+ Ke7 32.Qh4+ Kf7 33.Qh5+ Ke7 34.Qh4+  1/2-1/2

[Event "HUN-chT"]
[Site "HUN"]
[Date "1993.??.??"]
[Round "?"]
[White "Schneider, Attila"]
[Black "Jakobetz, Laszlo"]
[Result "1-0"]
[WhiteElo "2375"]
[BlackElo "2350"]

1.d4 d5 2.Nf3 Nf6 3.c4 dxc4 4.e3 e6 5.Bxc4 c5 6.O-O a6 7.a4 Nc6 8.Qe2 Qc7
9.b3 cxd4 10.exd4 Be7 11.Nc3 O-O 12.Bb2 Bd7 13.d5 exd5 14.Nxd5 Nxd5 15.Bxd5 Bd6
16.Rac1 Kh8 17.Rc4 f6 18.Rh4 Bf5 19.Bxc6 bxc6 20.Nd4 Bd7 21.Qd3 h6 22.Bc1 f5
23.Bxh6 gxh6 24.Rxh6+ Kg8 25.Nxc6 Bxh2+ 26.Rxh2 Bxc6 27.Qc3 Qg7 28.Qxc6 Rae8
29.Qxa6  1-0

[Event "HUN-ch univ"]
[Site "HUN"]
[Date "1993.??.??"]
[Round "9"]
[White "Dede, Erno"]
[Black "Ezsol, Miklos"]
[Result "1-0"]
[WhiteElo "2220"]
[BlackElo "2340"]

1.d4 Nf6 2.Nf3 d5 3.c4 dxc4 4.e3 e6 5.Bxc4 c5 6.O-O a6 7.Qe2 cxd4 8.exd4 Be7
9.Nc3 b5 10.Bb3 O-O 11.Rd1 Bb7 12.Bg5 Nbd7 13.Ne5 Nd5 14.Bxd5 exd5 15.Nxd7 Bxg5
16.Nxf8 Qxf8 17.Qe5 Qd8 18.Re1 Rc8 19.f4 Bf6 20.Qe3 h6 21.Rac1 Qd7 22.Qd3 Qd6
23.Nxb5 Qd7 24.Rxc8+ Bxc8  1-0

[Event "HUN-ch"]
[Site "HUN"]
[Date "1993.??.??"]
[Round "11"]
[White "Csom, Istvan"]
[Black "Kallai, Gabor"]
[Result "1/2-1/2"]
[WhiteElo "2475"]
[BlackElo "2460"]

1.d4 d5 2.c4 dxc4 3.Nf3 Nf6 4.e3 e6 5.Bxc4 c5 6.O-O a6 7.dxc5 Bxc5 8.Qxd8+ Kxd8
9.a3 b5 10.Be2 Bb7 11.b4 Bd6 12.Bb2 Nbd7 13.Nbd2 Ke7  1/2-1/2

[Event "Katowice op"]
[Site "Katowice"]
[Date "1993.??.??"]
[Round "6"]
[White "Tolstikh, Nikolay"]
[Black "Raetsky, Alexander"]
[Result "1/2-1/2"]
[WhiteElo "2345"]
[BlackElo "2465"]

1.Nf3 d5 2.d4 Nf6 3.c4 dxc4 4.e3 c5 5.Bxc4 e6 6.O-O a6 7.dxc5 Qxd1 8.Rxd1 Bxc5
9.b3 Ke7 10.Bb2 Nbd7 11.Nbd2 b5 12.Be2 Bb7 13.a4 bxa4 14.Rxa4 Nb6 15.Raa1 Rhc8
16.Ne5 Nfd7 17.Nec4 Nxc4 18.Nxc4 f6 19.h3 Bd5 20.Bf3 Bxf3 21.gxf3 Nb6 22.Rdc1 Nd5
23.Na5 Bb4 24.Nc6+ Kd7 25.Nxb4 Rxc1+ 26.Rxc1 Nxb4 27.Ba3 Rb8 28.Ra1 Nc2 29.Rd1+ Ke8
30.Bc5 Rxb3 31.Rd6 Rc3 32.Ba7 e5 33.Rxa6 Ne1 34.f4 exf4 35.exf4 Kf7 36.Be3 Nc2
37.Ra7+ Kg6 38.f5+ Kxf5 39.Rxg7 h5 40.Rg3 Ke4 41.Rg6 f5 42.Re6+ Kf3 43.Rf6 Nxe3
44.fxe3 Rc5 45.Rh6 Rc1+ 46.Kh2 Rc2+ 47.Kg1 Kxe3 48.Rxh5 f4 49.Re5+ Kf3 50.Rf5 Rg2+
51.Kf1 Rd2 52.Kg1 Rg2+ 53.Kf1 Rh2 54.Kg1 Rxh3 55.Ra5  1/2-1/2

[Event "Katowice op"]
[Site "Katowice"]
[Date "1993.??.??"]
[Round "9"]
[White "Raetsky, Alexander"]
[Black "Kostyra, Stanislaw"]
[Result "1/2-1/2"]
[WhiteElo "2465"]
[BlackElo "2375"]

1.d4 d5 2.c4 dxc4 3.e3 Nf6 4.Bxc4 e6 5.Nf3 c5 6.O-O a6 7.a4 Nc6 8.Qe2 cxd4
9.Rd1 Be7 10.exd4 O-O 11.Nc3 Nd5 12.Ne5 Nxc3 13.bxc3 Bd7 14.d5 Nxe5 15.dxe6 Qc7
16.exd7 Bf6 17.Bd5 Nxd7 18.Be3 Rab8 19.Rab1 Be5 20.Ba7 Rbe8 21.Qc4 Qxc4 22.Bxc4 Rc8
23.Bd5 b5 24.axb5 axb5 25.Rxb5 Rxc3 26.g3 Rc7 27.Be3 Nf6 28.Bf3 Re8 29.Kg2 h6
30.h4 Rc4 31.Rb7 Rec8 32.Kh3 h5 33.Re7 Bc3 34.Rb1 R4c7 35.Rb8 Rxb8 36.Rxc7 Be5
37.Re7 Bd6 38.Ra7 Re8 39.Ra5 Be5 40.Kg2 g6 41.Ra7 Ng4 42.Bg5 Nf6 43.Rb7 Kg7
44.Bd1 Rb8  1/2-1/2

[Event "Leeuwarden op"]
[Site "Leeuwarden"]
[Date "1993.??.??"]
[Round "7"]
[White "Horvath, Csaba"]
[Black "Jonkman, Harmen"]
[Result "1-0"]
[WhiteElo "2495"]
[BlackElo "2345"]

1.d4 d5 2.c4 dxc4 3.e3 Nf6 4.Bxc4 e6 5.Nf3 c5 6.Qe2 a6 7.dxc5 Bxc5 8.e4 Nc6
9.O-O b5 10.Bb3 e5 11.Bg5 Qd6 12.Rd1 Bd4 13.a4 b4 14.h3 O-O 15.Nbd2 h6 16.Be3 Bxe3
17.Qxe3 Na5 18.Nc4 Nxc4 19.Bxc4 Qe7 20.Nh4 Be6 21.Bxe6 Qxe6 22.Nf5 Rfd8 23.Rxd8+ Rxd8
24.Rc1 Kh7 25.Rc5 Nh5 26.g3 Nf6 27.Kg2 Rd1 28.Qe2 Rd7 29.Qc2 Qa2 30.Rxe5 b3
31.Qc8 Qxb2 32.Qf8 Nh5 33.Ne7 Rd2 34.Qg8+  1-0

[Event "Lenk-J"]
[Site "Lenk"]
[Date "1993.??.??"]
[Round "8"]
[White "Gerber, Richard"]
[Black "Krizsany, Laszlo"]
[Result "1/2-1/2"]
[WhiteElo "2320"]
[BlackElo "2345"]

1.d4 d5 2.Nf3 c5 3.e3 Nf6 4.c4 dxc4 5.Bxc4 e6 6.O-O a6 7.a4 Nc6 8.Nc3 Be7
9.Qe2 cxd4 10.Rd1 O-O 11.exd4 Nb4 12.Ne5 Bd7 13.Ne4 Be8 14.Nxf6+ Bxf6 15.Ra3 Bc6
16.Rh3 Rc8 17.d5 Bxa4 18.b3 Bxe5 19.Qxe5 Rxc4 20.Bb2 f6 21.Qxe6+ Rf7 22.bxa4 Qd7
23.Re3 Rc8 24.Ba3 a5 25.g4 Rd8  1/2-1/2

[Event "Liechtenstein op"]
[Site "Liechtenstein"]
[Date "1993.??.??"]
[Round "8"]
[White "Gohil, Harry"]
[Black "Baburin, Alexander"]
[Result "0-1"]
[WhiteElo "2265"]
[BlackElo "2530"]

1.d4 d5 2.c4 dxc4 3.e3 Nf6 4.Bxc4 e6 5.Nf3 c5 6.O-O a6 7.a4 Nc6 8.Nc3 Be7
9.Ne5 cxd4 10.Nxc6 bxc6 11.exd4 a5 12.Qf3 Nd5 13.Rd1 Ba6 14.b3 O-O 15.Ne4 Nb6
16.Bxa6 Rxa6 17.Ba3 Bxa3 18.Rxa3 Nd5 19.Raa1 Rb6 20.Rac1 Ne7 21.Rc4 Qd5 22.Rd3 Rxb3
23.Nd2 Qxf3 24.Rxf3 Rb2 25.Rd3 Rfb8 26.g3 R8b4 27.Kf1 f6 28.Rc5 Rxa4 29.Nc4 Rc2
30.Nb6 Ra1+ 31.Kg2 Rxc5 32.dxc5 Nd5 33.Nc4 a4 34.Na5 Rc1 35.Nxc6 Rxc5 36.Nd4 Kf7
37.Ra3 Nb6 38.Kf3 e5 39.Ne2 Ke6 40.Nc3 Rc4 41.Ke2 Nd5 42.Nd1 Kd6 43.Kd2 Rd4+
44.Kc1 Kc5 45.Nb2 Kb5 46.Kc2 h5 47.Ra1 h4 48.Ra3 h3 49.Kc1 g5 50.Kc2 e4 51.Kc1 Nb4
52.Nd1 Rd3 53.Rxd3 Nxd3+ 54.Kb1 Kc4  0-1

[Event "SWE-ch"]
[Site "Lindesberg"]
[Date "1993.??.??"]
[Round "2"]
[White "Ornstein, Axel"]
[Black "Brynell, Stellan"]
[Result "1/2-1/2"]
[WhiteElo "2440"]
[BlackElo "2470"]

1.d4 d5 2.c4 dxc4 3.Nf3 Nf6 4.e3 e6 5.Bxc4 c5 6.O-O a6 7.Bd3 Nbd7 8.Nc3 b5
9.a4 b4 10.Ne4 Bb7 11.Nxf6+ Nxf6 12.Qe2 cxd4 13.Nxd4 Bc5 14.Nb3 Be7 15.Rd1 Qb8
16.e4 O-O 17.e5 Nd5 18.Na5 Rd8 19.h4 Qc7 20.Nxb7 Qxb7 21.h5 Bf8 22.Bg5 Be7
23.Bxe7 Qxe7 24.Bxa6 Nf4 25.Rxd8+ Qxd8 26.Qf3 Rxa6 27.Qxf4 Rxa4 28.Rxa4 Qd1+
29.Kh2 Qxa4 30.Qd4 h6  1/2-1/2

[Event "SWE-ch"]
[Site "Lindesberg"]
[Date "1993.??.??"]
[Round "13"]
[White "Lyrberg, Patrik"]
[Black "Brynell, Stellan"]
[Result "1/2-1/2"]
[WhiteElo "2420"]
[BlackElo "2470"]

1.d4 d5 2.c4 dxc4 3.Nf3 Nf6 4.e3 e6 5.Bxc4 c5 6.O-O a6 7.a4 Nc6 8.Qe2 Qc7
9.Nc3 Bd6 10.d5 exd5 11.Nxd5 Nxd5 12.Bxd5 O-O 13.Bd2 Bg4 14.h3 Bh5 15.Bc3 Rad8
16.Rad1 Rfe8 17.Rd2 Nd4 18.Bxd4 Bh2+ 19.Kh1 Rxd5 20.Bc3 Rxd2 21.Qxd2 Bxf3
22.gxf3 Rd8 23.Qc2 Be5 24.f4 Bxc3 25.Qxc3 Qc6+ 26.Kh2 Rd6 27.Rg1 Rg6 28.Rxg6 hxg6
29.a5 Qf3 30.Kg1 Qxh3 31.Qxc5 Qg4+ 32.Kf1 Qd1+ 33.Kg2 Qg4+ 34.Kf1 Qd1+ 35.Kg2 Qg4+  1/2-1/2

[Event "POL-chT"]
[Site "Lubniewice"]
[Date "1993.??.??"]
[Round "?"]
[White "Twardon, Marian"]
[Black "Bus, Mariusz"]
[Result "0-1"]
[WhiteElo "2370"]
[BlackElo "2375"]

1.d4 d5 2.c4 dxc4 3.Nf3 Nf6 4.e3 e6 5.Bxc4 c5 6.O-O a6 7.Bd3 cxd4 8.exd4 Be7
9.Nc3 Nc6 10.Re1 O-O 11.Bg5 Nb4 12.Bb1 b5 13.a3 Nbd5 14.Qd3 g6 15.Ne5 Bb7
16.Qh3 Nh5 17.Bxe7 Qxe7 18.Be4 Nxc3 19.bxc3 Bxe4 20.Rxe4 Rac8 21.Re3 Rc7
22.g4 Nf6 23.Qh6 Rfc8 24.Rc1 Nd5 25.Rh3 f6 26.Nd3 Rxc3 27.Re1 g5 28.f4 gxf4
29.g5 fxg5 30.Rh5 Rxd3 31.Rxg5+ Kh8 32.Rxd5 Rg8+ 33.Kf1 Rf3+ 34.Ke2 Re3+  0-1

[Event "Wch Team"]
[Site "Luzern"]
[Date "1993.??.??"]
[Round "5"]
[White "Lin Weiguo"]
[Black "Brunner, Lucas"]
[Result "1/2-1/2"]
[WhiteElo "2540"]
[BlackElo "2475"]

1.d4 d5 2.c4 dxc4 3.e3 e6 4.Bxc4 Nf6 5.Nf3 c5 6.O-O a6 7.a4 Nc6 8.Qe2 Qc7
9.Rd1 Be7 10.Nc3 O-O 11.h3 Rd8 12.d5 exd5 13.Bxd5 Nb4 14.e4 Nfxd5 15.Nxd5 Nxd5
16.exd5 Bf5 17.Be3 Be4 18.Bxc5 Bxf3 19.Qxe7 Rd7 20.d6 Rxe7 21.dxc7 Rxc7 22.Rdc1 Bc6
23.b4 Re8 24.Be3 Rd7 25.Rc5 Rd5  1/2-1/2

[Event "Madrid-B"]
[Site "Madrid"]
[Date "1993.??.??"]
[Round "?"]
[White "Bass, Leonid"]
[Black "Rojo Huerta, Gabriel"]
[Result "1/2-1/2"]
[WhiteElo "2500"]
[BlackElo "2295"]

1.d4 d5 2.c4 dxc4 3.Nf3 Nf6 4.e3 e6 5.Bxc4 c5 6.O-O a6 7.Bd3 Nbd7 8.a4 b6
9.Nc3 Bb7 10.Qe2 Bd6 11.Ng5 h6 12.Nge4 Nxe4 13.Bxe4 Bxe4 14.Nxe4 Bxh2+ 15.Kxh2 Qh4+
16.Kg1 Qxe4 17.f3 Qb7 18.dxc5 Nxc5 19.Ra3 a5 20.Qb5+ Ke7 21.b4 axb4 22.Qxb4 Rhc8
23.Bb2 f6 24.Bd4 Qc6 25.a5 bxa5 26.Rxa5 Rxa5 27.Qxa5 Nd7 28.e4 Qc4 29.Bf2 Qb3
30.Qa7 Qd3 31.Ra1 Qd2 32.Be1 Qb2 33.Rd1 Qb6+ 34.Qxb6 Nxb6 35.Bb4+ Kf7 36.Rd6 Nc4
37.Rd7+ Kg6 38.Re7 Rb8 39.Bc5 Rc8 40.Bb4 e5 41.Rd7 h5 42.Kf2 Rb8 43.Bc5 Na5
44.Ra7 Nb3 45.Be3 Rc8 46.Ra3 Rc2+ 47.Kg3 Nd2 48.Bxd2 Rxd2 49.Ra7 Kh6 50.Rf7 h4+
51.Kh3 Rd1 52.Kxh4 Rd2  1/2-1/2

[Event "Mexico m"]
[Site "Mexico"]
[Date "1993.??.??"]
[Round "3"]
[White "Escobedo Tinajero, Alberto"]
[Black "Espinoza Flores, Rafael"]
[Result "1-0"]
[WhiteElo "2310"]
[BlackElo "2495"]

1.d4 d5 2.c4 dxc4 3.e3 Nf6 4.Bxc4 e6 5.Nf3 c5 6.O-O a6 7.a4 Nc6 8.Qe2 Qc7
9.Nc3 Bd6 10.Rd1 O-O 11.b3 b6 12.Bb2 Bb7 13.d5 Ne5 14.Nxe5 Bxe5 15.dxe6 Bxh2+
16.Kh1 fxe6 17.f4 Bg3 18.Bxe6+ Kh8 19.Nd5 Qd6 20.Nxf6 Qxe6 21.Qg4 Qxg4 22.Nxg4 Rfd8
23.Nh6 Bd5 24.Nf5 Bf2 25.Bxg7+ Kg8 26.Bf6 Kf7 27.Bxd8 Rxd8 28.Kh2 Kf6 29.Nh6 Kg7
30.e4 Kxh6 31.Rxd5 Re8 32.Rf1 Be3 33.e5 Kg6 34.f5+ Kg5 35.g3 Bd4 36.f6  1-0

[Event "Mexico m"]
[Site "Mexico"]
[Date "1993.??.??"]
[Round "5"]
[White "Escobedo Tinajero, Alberto"]
[Black "Espinoza Flores, Rafael"]
[Result "1-0"]
[WhiteElo "2310"]
[BlackElo "2495"]

1.d4 d5 2.c4 dxc4 3.e3 Nf6 4.Bxc4 e6 5.Nf3 c5 6.O-O a6 7.a4 Nc6 8.Qe2 Qc7
9.Nc3 Bd6 10.Bd2 O-O 11.d5 exd5 12.Nxd5 Nxd5 13.Bxd5 Bg4 14.h3 Bh5 15.Bc3 Rfe8
16.Qc4 Rad8 17.Rad1 Ne7 18.Be4 Bg6 19.Ng5 h6 20.Ba5 b6 21.Bxg6 Nxg6 22.Bxb6 Qxb6
23.Qxf7+ Kh8 24.Rxd6 Qxd6 25.Qxe8+ Rxe8 26.Nf7+ Kh7 27.Nxd6 Rb8 28.Nc4 Rb4
29.Rc1  1-0

[Event "Minsk"]
[Site "Minsk"]
[Date "1993.??.??"]
[Round "?"]
[White "Shipov, Sergei"]
[Black "Suetin, Alexey S"]
[Result "1-0"]
[WhiteElo "2490"]
[BlackElo "2410"]

1.d4 d5 2.c4 dxc4 3.Nf3 Nf6 4.e3 e6 5.Bxc4 c5 6.Qe2 a6 7.dxc5 Bxc5 8.O-O Nc6
9.a3 O-O 10.b4 Bd6 11.Bb2 e5 12.e4 Nh5 13.Nbd2 Nf4 14.Qe3 Qf6 15.g3 Bh3 16.Rfd1 Ne6
17.Bd5 Bg4 18.Rdc1 Ned8 19.Kg2 Bb8 20.Qg5 Bxf3+ 21.Nxf3 Qxg5 22.Nxg5 Re8
23.Rd1 Re7 24.Rac1 Ba7 25.Nf3 Kf8 26.Bc3 Rb8 27.a4 b5 28.axb5 axb5 29.Bb2 Rb6
30.Bxc6 Nxc6 31.Nxe5 Nxe5 32.Rd8+ Re8 33.Rxe8+ Kxe8 34.Bxe5 Ra6 35.Rc8+ Kd7
36.Ra8 Ra4 37.Bxg7 Bb6 38.Rb8 Kc6 39.Bf8 Ra2 40.Bc5 Bxc5 41.Rc8+ Kb6 42.Rxc5 Rb2
43.Rf5 Rxb4 44.Kf3 Rc4 45.Rf6+ Kc5 46.Rxf7 b4 47.Ke3 Rc3+ 48.Kd2 Ra3 49.e5 Kd4
50.Rf4+ Kc5 51.e6 Ra2+ 52.Kd3 Ra3+ 53.Kc2 Ra2+ 54.Kb3 Re2 55.Rf7 Kd6 56.e7 Kd7
57.Rxh7 Rxf2 58.Kxb4 Rc2 59.h4 Rg2 60.Rg7 Rh2 61.Kc4 Ke8 62.Kd4 Rh1 63.Ke4 Rh2
64.Kf5 Rh1 65.Kg5  1-0

[Event "Minsk-B"]
[Site "Minsk"]
[Date "1993.??.??"]
[Round "8"]
[White "Botvinnik, Ilia"]
[Black "Donchenko, Anatoly G"]
[Result "1/2-1/2"]
[WhiteElo "2395"]
[BlackElo "2405"]

1.d4 d5 2.c4 dxc4 3.e3 Nf6 4.Bxc4 e6 5.Nf3 c5 6.O-O a6 7.dxc5 Qxd1 8.Rxd1 Bxc5
9.Nbd2 Nbd7 10.Be2 b6 11.Nb3 Be7 12.Nfd2 Bb7 13.Nc4 Bd5 14.Bd2 Rc8 15.Rdc1 O-O
16.f3 Bb7 17.e4 a5 18.Be3 a4 19.Nbd2 Bc5 20.Bxc5 Rxc5 21.Nd6 Bc6 22.Kf2 Rd8
23.Ke3 Kf8 24.b4 axb3 25.axb3 Ke7 26.N6c4 Bb7 27.b4 Rc7 28.Nb2 Rxc1 29.Rxc1 Ra8
30.Nbc4 Ne8 31.Kd4 g5 32.Kc3 Bc6 33.Kb2 Bb5 34.Nxb6 Nxb6 35.Bxb5 Nd6 36.Bc6 Rc8
37.Kb3 f5 38.exf5 Nxf5 39.b5 Nd4+ 40.Kb4 e5 41.Rc5 Ke6 42.Nc4 Nxc4 43.Rxc4 Kd6
44.Be4 Rb8 45.Rc5 h5 46.Bc6 h4 47.Rd5+ Ke6 48.Kc4 Nxc6 49.bxc6 Rb2 50.Rc5 Kd6
51.Kc3 Rb1 52.Kc2 Rb8 53.Rc4 Kc7 54.h3 Ra8 55.Rg4 Kxc6 56.Rxg5 Kd5 57.f4 Ke4
58.fxe5 Kf4 59.Rg4+ Kxe5 60.Kd3 Rh8 61.Ke3 Kf5 62.Kf3 Rh7 63.Ra4 Kg5  1/2-1/2

[Event "Munich op9293"]
[Site "Munich"]
[Date "1993.??.??"]
[Round "8"]
[White "Schlosser, Philipp"]
[Black "Maiwald, Jens Uwe"]
[Result "1-0"]
[WhiteElo "2500"]
[BlackElo "2375"]

1.d4 d5 2.c4 dxc4 3.Nf3 Nf6 4.e3 e6 5.Bxc4 c5 6.O-O a6 7.b3 Nbd7 8.Bb2 b5
9.Be2 Bb7 10.a4 bxa4 11.Rxa4 Be7 12.Nbd2 O-O 13.Qa1 Nb6 14.Ra5 cxd4 15.Bxd4 Nbd5
16.Nc4 Bb4 17.Ra2 a5 18.Rd1 Ba6 19.Nfe5 Qc7 20.Bf3 Bb7 21.Nd3 a4 22.Nxb4 axb3
23.Rxa8 Rxa8 24.Nxd5 Bxd5 25.Na3 Bxf3 26.gxf3 Qa5 27.Bb2 Qg5+ 28.Kf1 Qf5
29.Ke2  1-0

[Event "Nabereznye Chelny"]
[Site "Nabereznye Chelny"]
[Date "1993.??.??"]
[Round "?"]
[White "Lempert, Igor"]
[Black "Suetin, Alexey S"]
[Result "1/2-1/2"]
[WhiteElo "2435"]
[BlackElo "2410"]

1.d4 d5 2.c4 dxc4 3.e3 Nf6 4.Bxc4 e6 5.Nf3 c5 6.O-O a6 7.Bd3 Nc6 8.Nc3 cxd4
9.exd4 Be7 10.a3 O-O 11.Bc2 b5 12.Qd3 Bb7 13.Bg5 g6 14.Rad1 Rc8 15.Rfe1 Nd5
16.Bh6 Nxc3 17.bxc3 Re8 18.a4 Na5 19.axb5 axb5 20.Qxb5 Rxc3 21.Be4 Bxe4 22.Rxe4 Nc4
23.Rf4 Qb8 24.Qxb8 Rxb8 25.h4  1/2-1/2

[Event "Nis op"]
[Site "Nis"]
[Date "1993.??.??"]
[Round "?"]
[White "Sinadinovic, Andjelko"]
[Black "Marjanovic, Slavoljub"]
[Result "1/2-1/2"]
[WhiteElo "2315"]
[BlackElo "2445"]

1.d4 d5 2.c4 dxc4 3.e3 Nf6 4.Bxc4 e6 5.Nf3 c5 6.O-O a6 7.Qe2 b5 8.Bb3 Bb7
9.Rd1 Nbd7 10.Nc3 Qc7 11.Bd2 Rc8 12.Rac1 Qb8 13.Be1 Bd6 14.h3 O-O 15.d5 c4
16.dxe6 fxe6 17.Bc2 Nc5 18.Nd4 Rfe8 19.f4 e5 20.Nf5 Bf8 21.Bh4 Ncd7 22.Rxd7 Nxd7
23.Qg4 Rc6 24.Rd1 Nc5 25.Nd5 Kh8 26.Nfe7 Nd3 27.f5 Bxe7 28.Nxe7 Qd6 29.Nxc6 Bxc6  1/2-1/2

[Event "Nis op"]
[Site "Nis"]
[Date "1993.??.??"]
[Round "?"]
[White "Sekulic, Dusan"]
[Black "Blagojevic, Dragisa"]
[Result "1-0"]
[WhiteElo "2355"]
[BlackElo "2465"]

1.d4 d5 2.Nf3 c5 3.e3 Nf6 4.c4 dxc4 5.Bxc4 e6 6.O-O a6 7.Re1 b5 8.Bf1 Bb7
9.a4 b4 10.Nbd2 Nbd7 11.a5 Qc7 12.h3 cxd4 13.exd4 Be7 14.Nc4 Bd5 15.Bg5 Bxc4
16.Rc1 Qxa5 17.Bxc4 h6 18.Bh4 Nb6 19.Re5 Qa4 20.Bb3 Qd7 21.Rxe6 fxe6 22.Ne5 Qb7
23.Bxf6 Bxf6 24.Qh5+ Kf8 25.Ng6+ Kf7 26.Nxh8+ Kg8 27.Ng6 Nd5 28.Re1 Nc7 29.Rxe6 Nxe6
30.Bxe6+ Kh7 31.Qf5 Qb5 32.Nf8+  1-0

[Event "NLD-chT"]
[Site "?"]
[Date "1993.??.??"]
[Round "5"]
[White "Pieterse, Gert"]
[Black "Cifuentes Parada, Roberto"]
[Result "0-1"]
[WhiteElo "2385"]
[BlackElo "2480"]

1.d4 d5 2.c4 dxc4 3.e3 c5 4.Bxc4 e6 5.Nf3 Nf6 6.O-O a6 7.Qe2 Nc6 8.Rd1 Qc7
9.a3 b5 10.Ba2 Bb7 11.Nc3 Rd8 12.dxc5 Rxd1+ 13.Nxd1 Bxc5 14.b4 Bd6 15.Bb2 Ne5
16.Nxe5 Bxe5 17.Rc1 Qb8 18.Bxe5 Qxe5 19.Nb2 Ne4 20.Nd3 Qf6 21.Bb3 O-O 22.f3 Nd6
23.Nc5 Bc8 24.e4 Qe5 25.Qf2 Qf4 26.Rd1 Nc4 27.Bxc4 bxc4 28.Qd4 e5 29.Qc3 h5
30.Qc1 h4 31.Qxf4 exf4 32.Kf2 f5 33.Rc1 fxe4 34.fxe4 Rd8 35.Ke2 Rd4 36.h3 Kf7
37.Rd1 Rxd1 38.Kxd1 Kf6 39.Kd2 Ke5 40.Kc3 f3 41.gxf3 Bxh3 42.a4 Bc8 43.Kxc4 Kf4
44.Kd4 h3 45.Nd3+ Kxf3 46.Ne5+  0-1

[Event "Odense"]
[Site "Odense"]
[Date "1993.??.??"]
[Round "1"]
[White "Plachetka, Jan"]
[Black "Banas, Jan"]
[Result "1/2-1/2"]
[WhiteElo "2450"]
[BlackElo "2380"]

1.d4 d5 2.c4 dxc4 3.Nf3 Nf6 4.e3 e6 5.Bxc4 c5 6.O-O a6 7.a3 b5 8.Ba2 Bb7
9.dxc5 Bxc5 10.Qxd8+ Kxd8 11.b4 Bd6 12.Bb2 Nbd7 13.Nbd2 Ke7 14.Nb3 Rac8 15.Nfd4 Bd5
16.Na5 Bxa2 17.Ndc6+ Ke8 18.Rxa2 Bc7 19.a4 Bxa5 20.Nxa5 Ke7 21.axb5 axb5
22.Nb3  1/2-1/2

[Event "Ostend op"]
[Site "Ostend"]
[Date "1993.??.??"]
[Round "4"]
[White "Yakovich, Yuri"]
[Black "Steinbacher, Matthias"]
[Result "1-0"]
[WhiteElo "2525"]
[BlackElo "2385"]

1.d4 d5 2.c4 dxc4 3.e3 Nf6 4.Bxc4 e6 5.Nf3 c5 6.Qe2 cxd4 7.exd4 Bb4+ 8.Nc3 O-O
9.Bg5 Nc6 10.Rd1 h6 11.Bh4 Bxc3+ 12.bxc3 Qa5 13.Bxf6 Qxc3+ 14.Nd2 gxf6 15.O-O Nxd4
16.Qg4+ Kh8 17.Qh5 Nf5 18.g4 Nd6 19.Qxh6+ Kg8 20.Ne4 Nxe4 21.Rd3 Bd7 22.Rxc3 Nxc3
23.Bb3  1-0

[Event "Oviedo rapid"]
[Site "Oviedo"]
[Date "1993.??.??"]
[Round "7"]
[White "Atalik, Suat"]
[Black "Kumaran, Dharshan"]
[Result "0-1"]
[WhiteElo "2535"]
[BlackElo "2425"]

1.d4 d5 2.c4 dxc4 3.Nf3 e6 4.e3 Nf6 5.Bxc4 c5 6.O-O a6 7.a3 b5 8.Ba2 Bb7
9.Qe2 cxd4 10.Nxd4 Be7 11.Nc3 Qb6 12.Rd1 Nc6 13.Nf3 b4 14.axb4 Nxb4 15.Bc4 Rc8
16.b3 O-O 17.Na4 Qa7 18.Bb2 Bd5 19.Bd4 Qb7 20.Nb6 Bxc4 21.bxc4 Rc6 22.Na4 Nd7
23.Bc3 a5 24.Nd4 Rcc8 25.Nb3 Qc7 26.Rxd7 Qxd7 27.Nb6 Qc7 28.Qg4 e5 29.Nxc8 Qxc8
30.Qe2 e4 31.Rxa5 Nd3 32.Nd2 Qe6  0-1

[Event "WchT U26"]
[Site "Paranana"]
[Date "1993.??.??"]
[Round "?"]
[White "Baumegger, Siegfried"]
[Black "Estrada Nieto, Julian"]
[Result "1/2-1/2"]
[WhiteElo "2260"]
[BlackElo "2230"]

1.d4 d5 2.Nf3 e6 3.c4 dxc4 4.e3 c5 5.Bxc4 Nf6 6.O-O a6 7.a4 Nc6 8.Qe2 Qc7
9.Nc3 Bd6 10.dxc5 Bxc5 11.e4 Ng4 12.g3 O-O 13.Bf4 e5 14.Nd5 Qd6 15.Be3 Nxe3
16.fxe3 Bg4 17.Qf2 Qh6 18.Nh4 Rad8 19.Kg2 Nb4 20.h3 Be6 21.Nf5 Bxf5 22.Qxf5 Nc2
23.Rac1 Nxe3+ 24.Nxe3 Qxe3 25.h4 Kh8 26.Kh3 Rde8 27.Rc3 Qd4 28.h5 Re7 29.h6 Qd7
30.hxg7+ Kxg7 31.Bd5 Qxf5+ 32.Rxf5 Bd4 33.Rc2 Rd8 34.b3 Red7 35.Rc1 h6 36.Rff1 b6
37.Kh4 a5 38.Kh5 Rc8 39.Bc4  1/2-1/2

[Event "WchT U26"]
[Site "Paranana"]
[Date "1993.??.??"]
[Round "?"]
[White "Guliev, Sarhan"]
[Black "Spangenberg, Hugo"]
[Result "1/2-1/2"]
[WhiteElo "2465"]
[BlackElo "2535"]

1.d4 d5 2.c4 dxc4 3.Nf3 Nf6 4.e3 e6 5.Bxc4 c5 6.O-O a6 7.a4 Nc6 8.Qe2 Qc7
9.Rd1 Bd6 10.Nc3 O-O 11.h3 b6 12.d5 Na5 13.dxe6 fxe6 14.e4 Nxc4 15.Qxc4 Nh5
16.e5 Be7 17.Qg4 Rf5 18.Bg5 Bb7 19.Qc4 Bxg5 20.Qxe6+ Qf7 21.Qxf7+ Rxf7 22.Nxg5 Rf5
23.Nge4 Rxe5 24.f3 Re6 25.a5 Bxe4 26.Nxe4 Nf6 27.Nxf6+ Rxf6 28.Rd7 Rb8 29.axb6 Rbxb6
30.Rc1  1/2-1/2

[Event "WchT U26"]
[Site "Paranana"]
[Date "1993.??.??"]
[Round "?"]
[White "Manninen, Marko"]
[Black "Spangenberg, Hugo"]
[Result "0-1"]
[WhiteElo "2355"]
[BlackElo "2535"]

1.d4 d5 2.c4 dxc4 3.e3 Nf6 4.Bxc4 e6 5.Nf3 c5 6.O-O a6 7.a4 Nc6 8.Qe2 Qc7
9.Nc3 Bd6 10.Bd2 O-O 11.Rfd1 b6 12.Rac1 Bb7 13.h3 Rfd8 14.Bd3 Na5 15.Bc2 Nc6
16.Ne4 Be7 17.dxc5 bxc5 18.Be1 Nd5 19.Nfd2 Ndb4 20.Bb1 Ne5 21.Nc4 Rxd1 22.Rxd1 Nxc4
23.Qxc4 Bd5 24.Qc3 Qc6 25.f3 Qxa4 26.Rc1 c4 27.Qe5 Qd7 28.Bc3 f6 29.Qg3 Rf8
30.Rd1 Nd3 31.Bxd3 Bxe4 32.fxe4 cxd3 33.e5 f5 34.Qf4 Qb5 35.Bd4 Bb4 36.Qf1 d2
37.Qxb5 axb5 38.Bc3 Bxc3 39.bxc3 Rc8 40.Rxd2 Rxc3 41.Rd8+ Kf7 42.Rd7+ Kf8
43.Rb7 Rc5 44.Kf2 Rxe5 45.Kf3 h6 46.g4 Kg8 47.h4 fxg4+ 48.Kf4 g3  0-1

[Event "Podgorica"]
[Site "Podgorica"]
[Date "1993.??.??"]
[Round "8"]
[White "Drasko, Milan"]
[Black "Damljanovic, Branko"]
[Result "1/2-1/2"]
[WhiteElo "2475"]
[BlackElo "2550"]

1.d4 d5 2.c4 dxc4 3.Nf3 Nf6 4.e3 e6 5.Bxc4 c5 6.O-O a6 7.a4 Nc6 8.Qe2 cxd4
9.Rd1 Be7 10.exd4 O-O 11.Nc3 Nd5 12.Bd3  1/2-1/2